000 00823nam a2200241 a 4500
001 000044459
005 20201002045405.0
008 140702s1976 sp 000 p spa d
020 _z8423913945
040 _aDO-SdBNP
_bspa
_cBNPHU
082 _a861.6
_bD559s, 1976
100 1 _aDiego, Gerardo,
_d1896-1987
_914243
245 1 0 _aSegunda antología de sus versos :
_b1941-1967 /
_cGerardo Diego.
250 _a2a ed.
260 _aMadrid :
_bEspasa-Calpe,
_c1976.
300 _a276 P. ;
_c18 cm.
490 1 _aAustral. Violeta: teatro y poesía
_v1394
500 _aIncluye datos biográficos del autor en la solapa de la cubierta
650 4 _aPoesía española
_9631
650 4 _aLiteratura española
_9632
830 0 _aAustral. Violeta: teatro y poesía
_v1394
_939559
910 _aValidado. Control de calidad MFF
999 _c43948
_d43948